000 00457ntaaa2200169 4500
003 01
005 20251027203010.0
008 0714s1973 ag 01
040 _aAR-BaBN
_bspa
_cAR-BaBN
_eaacr
_dRIC
100 _aPinchon, Edgcumb
_931021
245 _aViva Villa /
_cEdgcumb Pinchon
260 _aNew York :
_bGrosset and Dunlap,
_cc1933
300 _a383 p.
500 _aBAJA PATRIMONIAL POR OBSOLESCENCIA 20180814
650 _aNovela
_96781
942 _cBK
999 _c25411
_d25411